00577nam a2200169 i 450000100060000000300090000600500170001500700030003200800410003508000350007610000400011124500640015126000560021530000210027160000520029285200630034492758ES-MaACL20230906181042.0t|050426s1964 sp ||||1| spa d a821.134.2 Medina, Vicente 1.061 aGarcía Morales, Justo,d1914-199810aVicente Medina y el otro 98 / cpor Justo García Morales. aValencia : b[s.n.], c1964 (fArtes Gráf. Soler) a39 p. ; c20 cm.14aMedina, Vicente-xCrítica e interpretación. aES-MaACLj2185-F-24 z- Donat. Ernesto García Camarero